All NCS Drum And Bass Songs - Statistics

General Stats
  • This quiz has been taken 11 times
  • The average score is 11 of 211
Answer Stats
Creator Song Views % Correct
Cartoon, Jeja, Coleman Trapp Why We Lose 240M
80%
Cartoon, Jeja, Mikk Mae, Futuristik C U Again 56M
60%
Laszlo Fall To Light 38M
60%
it's different, Miss Mary Outlaw 20M
60%
Rival, Cadmium, Harley Bird Seasons (Futuristik & Whogaux Remix) 27M
60%
Andromedik, Used Take Me 2,3M
60%
Audioscribe Free Fall 15M
40%
Arlow Freefall 4,1M
40%
RIENK, NCT Freefall 362K
40%
Cartoon, Jeja, Juri Pootsmann I Remember U 16M
40%
Egzod, Maestro Chives, Neoni Royalty (Wiguez & Alltair Remix) 14M
40%
T, Sugah, NCT, Miyoki Stardust 13M
40%
Lemon Fight, Jessica Reynoso Stronger (Champion Remix) 16M
40%
Disfigure Summer Tune 13M
40%
Aero Chord Time Leap 14M
40%
Rameses B Asteroid II 240K
20%
WATEVA Ber Zer Ker (Rob Gasser Remix) 3M
20%
Cartoon, Jeja, nublu, Gameboy Tetris Biology 2,8M
20%
Barres Gates Devil VIP 2,1M
20%
Laszlo Don't Look Down 3,3M
20%
Rameses B Hardwired 1,7M
20%
Cartoon, Jeja, Asena Howling (Asena Remix) 11M
20%
Cartoon, Jeja, Kristel Aaslaid Immortality (Futuristik Remix) 7,4M
20%
Rameses B Morning Drift 631K
20%
Cartoon, Jeja, Time To Talk, Asena Omen 4,7M
20%
Wiguez, P-One Pray Tonight 1,1M
20%
Kasger Reflections 7,1M
20%
Deflo, Lliam Taylor Reflections 4,8M
20%
Andromedik, Pirapus, Indy Skies Ride Or Die 635K
20%
LXNGVX, DJ FKU RUINS 222K
20%
Rameses B UFO 245K
20%
Rex Hooligan After The End 365K
0%
Terravision, Neels B Alive 12K (before remove)
0%
Itro, SILIAS All For You 413K
0%
Ariadne, Karl Killing All I Need 367K
0%
James Roche Away 791K
0%
ThatBehavior Back Again 156K
0%
The Arcturians, Defunk Back For More 562K
0%
Immy Odon Back To Default 165K
0%
Jonth Bass Face 315K
0%
Rival, Caravn Be Gone (Urbandown Remix) 1,8M
0%
Tall Ships Best Ever (Draper Remix) 86K (before remove)
0%
Andreas Stone, Dennis Jamm Black Sunrise 2,6M
0%
Jakwob, Rocky NTI Blinding (Kasger Remix) 32K (before remove)
0%
TARI, Vix Bliss 2,2M
0%
Rogers, Dean, Amvis Bloodpressure 624K
0%
Catas, Kasger Blueshift 3,2M
0%
Cartoon, NCT, Southby Bounce On Da Riddim 154K
0%
Slushii, sapientdream Break My Heart 210K
0%
Slushii Break My Heart (Rameses B Remix) 284K
0%
Polygon Bring It Back 519K
0%
T, Sugah, Mara Necia Bring Me The Light 1,6M
0%
Badlokk, REEBZ Buried Alive 161K
0%
Andrah, Syn Cole bye bye 537K
0%
borne Calling Out 537K
0%
MANIA, Tom Wigley, Lottie Jones Calling Out Your Name 407K
0%
MIDNIGHT CVLT, Wiguez Can't You Feel It 612K
0%
T, Sugan, Ayve Cast Away 2,5M
0%
High Maintenance, Charlotte Haining Change Your Ways 6,7M
0%
Kasger Cover It Up 2,9M
0%
Slippy, Josh Rubin Crash 297K
0%
Rameses B Cybernetic 268K
0%
Approaching Nirvana, Alex Holmes Darkness Comes 2,4M
0%
Seven Lions Days To Come (Dead Battery Remix) 49K (before remove)
0%
Stan SB Dead no information
0%
Vosai, VinDon Demnuhbad 661K
0%
Blooom, SGAR Alone 296K
0%
NCT, T, Sugah, Voicians Along The Road 4,8M
0%
Vendetta, Koda Don't Stop 146K (before remove)
0%
XO SELF, ARZĘ dR3AMS 1M
0%
Blooom Droning 573K
0%
Arcien Elevate 2,4M
0%
The Arcturians, Defunk Emotions 574K
0%
Ripple Everyday 289K
0%
Lennart Schroot Fata Morgana 470K
0%
More Plastic, hayve Feel Alive 1,2M
0%
Gorillaz Feel Good Inc. no information
0%
Different Heaven, Sian Area Feel Like Horrible 8,1M
0%
S3RL, Sara Feel The Body (Synx Remix) 200K (before remove)
0%
Sub.Sound Feel The Buzz 6,6M
0%
T, Sugan, NCT, Cammie Robinson Find A Way 1,2M
0%
Aeden, Harley Bird Find A Way Out 3,4M
0%
Submatik Firefly 441K (before remove)
0%
Kisma Fly Again 3,1M
0%
Used Forget 556K
0%
Futuristik Forgive Me 2,7M
0%
CHENDA For You 1,1M
0%
T, Sugah, Snnr For You 476K
0%
Showdown, IMAN Freedom 3,5M
0%
Natty Lou, Sebotage, Galactic 206K
0%
Rameses B Get Mucky 252K
0%
Wiguez, Josh Levoid, MaryQueen Get Out Here 1,1M
0%
Whales, Gaash Ghost In The Wall 75K
0%
V O E Giants 4,2M
0%
Ripple Gimme 208K
0%
Wiguez, Rico 56 Gone 475K
0%
Rameses B, SOUNDR Good With It 747K
0%
HOWL, Idle Days GRAVE 437K
0%
Mekanism Green Lights 2,1M
0%
Vena Cava, Jordan Virelli Handsonic 2,2M
0%
Rob Gasser Happy 2M
0%
Jonth, Tom Wilson, Facading, MAGNUS, Jagsy, Vosai, RudeLies, Domastic Hearthless 1,1M
0%
Cream Blade, Romi Heavenly 3,3M
0%
Siimi, m els Here For Me 1,2M
0%
Laszlo Here We Are 5,7M
0%
Kasger Highland 7,3M
0%
NCT, James Burki Hold On 1,5M
0%
Subsonik, Kiro Hold On no information
0%
Evanly Hurt Me 599K
0%
Syn Cole I Can Feel 322K
0%
Rob Gasser, The Eden Project I'm Here 893K (before remove)
0%
Aero Chord, Anuka Incomplete 1,8M
0%
T, Sugah Indecisive 382K
0%
Morgan Page In The Air (Extan Remix) 85K (before remove)
0%
Rameses B i want u 282K
0%
Rogers, Dean Jungle 2,6M
0%
Andromedik Let Me In 9,8M
0%
JIKES, Nori Let's Fly Away pt.II 4M
0%
Stan SB Let This Go 1,2M (before remove)
0%
Chime Lifelong 1,9M
0%
Andromedik, Murdock, Dualistic Light 872K
0%
Axtasia, Soundr Light Up The Sky 3,7M
0%
Rameses B Like Rain 280K
0%
Don Darkoe, Cherry Morello Like That 152K
0%
Futuristik Like U Say 2,4M
0%
Futuristik, Sethh Little Bit 7,4M
0%
Madison Mars, Grace Lucia Look No Further 213K
0%
Exert, Janethan Losing You 2,7M
0%
The Eden Project Lost 4,4M
0%
T, Sugah, Lara Mecia Lost In The Middle 707K
0%
Millbrook, Felix Samuel Lost Without You 932K
0%
Wiguez, Vizzen Love Me Better 1,2M
0%
Cartoon, AC13, Jessee, KAZHI Made For The Game 102K
0%
Reau Beau, Brynja Mary Make Waves 684K
0%
Wiguez Marcheur 295K
0%
Wiguez, Alltair, Josh Levoid, P-One Moon Farewell 182K
0%
Axollo Moonstruck 2,1M
0%
CARBIN, hayve, Emily Makis Murderer 2,3M
0%
Koven Never Have I Felt This VIP 377K
0%
Itro Never Let You Down 501K
0%
Extan, RomyHarmony New World 176K (before remove)
0%
Rex Hooligan, Anna Simone No More Levitation 699K
0%
Near, Far Not Enough 1,1M
0%
More Plastic Obsession 351K
0%
More Plastic, URBANO One Taste 732K
0%
Cartoon, Kristjan Jarvi, Kitty Florentine, Nordic Pulse On The Break Of Dawn 482K
0%
Ripple On Your Mind 263K
0%
NIVIRO, Diandra Faye Orphic Night 563K
0%
Kasger Out Here 5,8M
0%
borne Out Of Here 515K
0%
Millbrook, Ellerslie Overdrive 703K
0%
Riot Paper Planes 515K (before remove)
0%
More Plastic, VinDon Patience 942K
0%
MANIA, Cesar Santalo Pick Up The Pieces 353K
0%
Birch Pray For You 599K
0%
Wiguez, P-One Pray Tonight (borne Remix) 492K
0%
Wiguez, borne, imallryt Pressure 423K
0%
Andrah, Syn Cole pretty afternoon 495K
0%
Vena Cava Primer 127K (before remove)
0%
MANIA, Remy Night Reason 344K
0%
Clint Mansell Requiem For A Dream (Ozma Remix) no information
0%
More Plastic Rewind 1,4M
0%
Rob Gasser, Miss Lina Rift 471K
0%
Wiguez, Vizzen, Maestro Chives Running Wild 1M
0%
Unknown Brain, Chris Linton Saviour 1,9M
0%
Time To Talk, Dave Marriner Say The Words 1,4M
0%
T, Sugah, Primate Set Me Free 226K
0%
Slimi Set You Free 442K
0%
Audioscribe Shimmer 1,6M
0%
Feint, Heather Sommer Shockwave 4,2M
0%
Audioscribe Skyline 1,9M
0%
More Plastic So Good 84K
0%
Jonth Soundclash 308K
0%
Raptures Spark 775K
0%
Itro, Valcos Starbound 4,9M
0%
The Qemists Stompbox (Spor Remix) no information
0%
Submatic, Astrid Destruyver Stories Can't Wait VIP 160K (before remove)
0%
Rameses B Story 2,5M
0%
Stan SB Stratosphere 25K (before remove)
0%
Ripple Stuck 259K
0%
More Plastic, Halvorsen Sunrise 957K
0%
Rob Gasser, Sekai Superhero 2,5M
0%
Rob Gasser Supersonic 5,5M
0%
More Plastic Take Me Back 494K
0%
Phantom Sage The Light 4,3M
0%
Maze The Rocks 249K
0%
Electro-Light, Aloma Steele The Ways 4,4M
0%
MANIA Time Of Our Lives 435K
0%
Andromedik Titan 6,2M
0%
Vena Cava, Raya TOHKA 4,1M
0%
Facading Tonight 757K
0%
Jay Eskar, Srikar To The Top (JJL Remix) 605K
0%
T, Sugah TumDaDaDum 969K
0%
Zushi, Vanko, Sunny Lukas Underrated 344K
0%
Midranger, Holly Drummond Unrequired 2,7M
0%
Wiguez, P-One VBM 280K
0%
Rob Gasser, Laura Brehm Vertigo (Spitfya Remix) 1,9M
0%
Tapolsky, X-Bass Violin DnB no information
0%
bvd kult VIP 2M
0%
AC13 Visions 396K
0%
Electro-Light, Jordan Kelvin James, Anna Yvette Wait For You 5,2M
0%
AC13, Comma Dee Waves 300K
0%
Jonth WHAT 454K
0%
Cartoon, Jeja, Andromedik, Jrui Pootsmann Whatever 1,2M
0%
Rameses B, eerie What You Did 181K
0%
Reau Beau, AVA NOVA Wizkid 510K
0%
Diamond Eyes Worship 712K
0%
4URA, Young Viridii Yesterday 608K
0%
Facading You And Me 1,7M
0%
Rex Hooligan You Get Me High 384K
0%
Duelle, CiRRo Your Addition (Nasty Attack Remix) 256K (before remove)
0%
No matching quizzes found
Score Distribution
Percent of People with Each Score
Percentile by Number Answered
Your Score History
You have not taken this quiz